000 01094cpcaa2200301 4500
001 mm 82098491
003 DLC
005 20260227111718.0
008 820525|||||||||||| eng
010 _amm 82098491
040 _aDLC
_edacs
_cDLC
_dDLC
072 7 _aN
_2lcmd
100 1 _aCushing, Thomas,
_d1821-
245 0 0 _aThomas Cushing papers,
_f1892.
300 _a2
_fcontainers.
506 0 _aOpen to research.
520 8 _aArticles entitled "A Condensed History of Philosophy" and "Original Sales of Land and Sketches of Pioneer Families of Orleans County, N.Y."
545 0 _aHistorian, physician, philosopher, and author.
546 _aCollection material in English.
650 0 _aPhilosophy.
650 4 _aLand tenure
_zNew York (State)
_zOrleans County.
651 4 _aOrleans County (N.Y.)
_xHistory.
656 7 _aAuthors.
_2itoamc
656 7 _aHistorians.
_2itoamc
656 7 _aPhilosophers.
_2itoamc
656 7 _aPhysicians.
_2itoamc
999 _c43839
_d43839